OFFICE XP PLAIN & SIMPLE (Record no. 779289)

MARC details
000 -LEADER
fixed length control field 00388pam a2200169a 44500
008 - FIXED-LENGTH DATA ELEMENTS--GENERAL INFORMATION
fixed length control field 230405s2001 xxu||||| |||| 00| 0 eng d
041 ## - LANGUAGE CODE
Language code of text/sound track or separate title ENG
100 ## - MAIN ENTRY--PERSONAL NAME
Personal name CAROL BROWN
245 ## - TITLE STATEMENT
Title OFFICE XP PLAIN & SIMPLE
260 ## - PUBLICATION, DISTRIBUTION, ETC.
Place of publication, distribution, etc. NONE
Name of publisher, distributor, etc. ADDISON WESLEY LONGMAN
Date of publication, distribution, etc. 2001
300 ## - PHYSICAL DESCRIPTION
Extent 353p.
440 ## - SERIES STATEMENT/ADDED ENTRY--TITLE
Title RS.225
650 ## - SUBJECT ADDED ENTRY--TOPICAL TERM
Topical term or geographic name entry element WORD
690 ## - LOCAL SUBJECT ADDED ENTRY--TOPICAL TERM (OCLC, RLIN)
Topical term or geographic name as entry element CO
700 ## - ADDED ENTRY--PERSONAL NAME
Personal name RESOURCES ONLINE
906 ## - LOCAL DATA ELEMENT F, LDF (RLIN)
a 908
Holdings
Withdrawn status Lost status Damaged status Not for loan Collection Home library Current library Shelving location Date acquired Total Checkouts Full call number Barcode Date last seen Price effective from Koha item type
          Institute of Technology(Poly), Kolhapur Institute of Technology(Poly), Kolhapur   27/04/2013   005.269/BRO ITK-2490 26/07/2023 26/07/2023 Book